|
|
|
|
| LEADER |
00000nam0a2200000 4500 |
| 001 |
326793 |
| 005 |
20231102003909.0 |
| 035 |
|
|
|a (RuTPU)RU\TPU\book\352453
|
| 090 |
|
|
|a 326793
|
| 100 |
|
|
|a 20170116d1981 m y0rusy50 ca
|
| 101 |
0 |
|
|a rus
|
| 102 |
|
|
|a RU
|
| 105 |
|
|
|a a z 001zy
|
| 200 |
1 |
|
|a Декоративно-прикладное искусство в школе
|e пособие для учителей
|f А. С. Хворостов
|
| 210 |
|
|
|a Москва
|c Просвещение
|d 1981
|
| 215 |
|
|
|a 175 с.
|c ил.
|
| 320 |
|
|
|a Библиогр.: с.173-174
|
| 606 |
|
|
|a Декоративно-прикладное искусство
|2 stltpush
|3 (RuTPU)RU\TPU\subj\9017
|9 36311
|
| 610 |
1 |
|
|a чеканка
|
| 610 |
1 |
|
|a резьба
|
| 610 |
1 |
|
|a мозаика
|
| 610 |
1 |
|
|a техника безопасности
|
| 610 |
1 |
|
|a школа
|
| 610 |
1 |
|
|a психолого-педагогические основы
|
| 610 |
1 |
|
|a внеклассная работа
|
| 610 |
1 |
|
|a методическая работа
|
| 610 |
1 |
|
|a пособия
|
| 675 |
|
|
|a 745
|v 4
|
| 700 |
|
1 |
|a Хворостов
|b А. С.
|g Анатолий Семенович
|
| 801 |
|
1 |
|a RU
|b 63413507
|c 20170116
|
| 801 |
|
2 |
|a RU
|b 63413507
|c 20190711
|g RCR
|
| 942 |
|
|
|c BK
|